Music Quiz

Random Music or Clip Quiz

Operation: Pitch Shift Quiz Stats

 Plays Quiz Updated Aug 15, 2017

Challenge
Share
Tweet
Score 0/22 Timer 12:00
0 Plays Today
Time Singer % Correct
1:44Katy Perry (Hot n Cold)
80.6%
0:00Beyoncé (If I Were A Boy)
77%
0:27Kelly Clarkson (Because of You)
74.4%
0:40P!nk (Sober)
69.3%
3:48Christina Aguilera (Beautiful)
67.6%
0:54Fergie (Big Girls Don't Cry)
67.4%
3:35Ke$ha (Tik Tok)
61.8%
2:51Taylor Swift (Fifteen)
60.7%
0:07Miley Cyrus (The Climb)
60.2%
2:26Rihanna (Unfaithful)
59.3%
1:08Carrie Underwood (Jesus, Take the Wheel)
58.6%
Time Singer % Correct
0:16Mariah Carey (Touch My Body)
58.3%
3:25Britney Spears (I'm Not a Girl, Not Yet a Woman)
57.8%
3:15Avril Lavigne (I'm With You)
55%
4:00Madonna (Frozen)
48.5%
2:36Shakira (Underneath Your Clothes)
43.5%
2:16Natasha Bedingfield (Pocketful of Sunshine)
42.9%
3:01Amy Winehouse (Back to Black)
42.8%
1:51Alicia Keys (Empire State of Mind)
40.9%
1:22Sarah McLachlan (Angel)
31.2%
2:01Leona Lewis (Run)
23.9%
1:37Kylie Minogue (Can't Get You Out of My Head)
11.7%

You're not logged in!

Compare scores with friends on all Sporcle quizzes.
OR
Log In

You Might Also Like...

Show Comments

Extras

Top Quizzes Today


Score Distribution

Your Account Isn't Verified!

In order to create a playlist on Sporcle, you need to verify the email address you used during registration. Go to your Sporcle Settings to finish the process.

Report this User

Report this user for behavior that violates our Community Guidelines.

Details: